000 00522nam a2200181Ia 4500
003 OSt
005 20200930131237.0
008 190216s9999||||xx |||||||||||||| ||und||
020 _a9788189866617
040 _coclc
082 _a632.65182
_bRAV/P
100 _aRavichandra, N G
_95216
245 0 _aPlant Nematology /
_cN G Ravichandra
260 _bI.K.International Publishers,
_aNew Delhi:
_c2012.
300 _a693p
650 _aBotany
942 _cBK
_2ddc
_h632.65182
_iRAV/P
_k632.65182
_mRAV/P
999 _c1868
_d1868